The Law Reports: Twenty Years' Digest 1931 - 1950 (Record no. 2724)

MARC details
000 -LEADER
fixed length control field 00505nam a22001577a 4500
005 - DATE AND TIME OF INPUT
control field 20240820103128.0
008 - DATA ELEMENTS--GENERAL INFORMATION
fixed length control field 240820b |||||||| |||| 00| 0 eng d
041 ## - LANGUAGE CODE
Language code of text English
082 ## - SHELF NUMBER
DDC number 349 LAW
100 ## - MAIN AUTHOR
Language of a work English
245 ## - TITLE STATEMENT
Title The Law Reports: Twenty Years' Digest 1931 - 1950
260 ## - PUBLICATION, DISTRIBUTION, ETC.
Place of publication, distribution, etc. London:
Name of publisher, distributor, etc. The Incorporated Council of Law Reporting for England and Wales,
Date of publication, distribution, etc. 1931-1950
300 ## - PHYSICAL DESCRIPTION
Other physical details 716 pages;
Dimensions 25 cm.
650 ## - SUBJECT`
Broad subject Legal practice
Own subject terms Law
942 ## - ADDED ENTRY ELEMENTS (KOHA)
Item type Books
942 ## - ADDED ENTRY ELEMENTS (KOHA)
-- ALISON_BN_VRIES
Holdings
Source of classification or shelving scheme Volume number (bound volume or other part) Not for loan Collection code Home library Current library Shelving location Date acquired Full call number Barcode Price effective from Koha item type
Dewey Decimal Classification Vol.1-Index   THE LAW REPORTS: DIGEST LAW SOCIETY OF NAMIBIA LIBRARY - WINDHOEK LAW SOCIETY OF NAMIBIA LIBRARY - WINDHOEK THE LAW REPORTS: DIGEST 08/20/2024 349 LAW LSN/2023/3833 08/20/2024 Books
Dewey Decimal Classification Vol.2- Digest of Cases   THE LAW REPORTS: DIGEST LAW SOCIETY OF NAMIBIA LIBRARY - WINDHOEK LAW SOCIETY OF NAMIBIA LIBRARY - WINDHOEK THE LAW REPORTS: DIGEST 08/20/2024 349 LAW LSN/2023/3834 08/20/2024 Books
Dewey Decimal Classification Vol.3 - Digest of Cases   THE LAW REPORTS: DIGEST LAW SOCIETY OF NAMIBIA LIBRARY - WINDHOEK LAW SOCIETY OF NAMIBIA LIBRARY - WINDHOEK THE LAW REPORTS: DIGEST 08/20/2024 349 LAW LSN/2023/3835 08/20/2024 Books